La ínsula Barataria (Record no. 157110)

MARC details
000 -LEADER
campo de control de longitud fija 01044nam a22002175i 4500
001 - NÚMERO DE CONTROL
campo de control 157110
003 - IDENTIFICADOR DE NÚMERO DE CONTROL
campo de control ES-MaACL
005 - FECHA Y HORA DE LA ÚLTIMA TRANSACCIÓN
campo de control 20250824063052.0
008 - DATOS DE LONGITUD FIJA--INFORMACIÓN GENERAL
campo de control de longitud fija 020322s1864 sp |||| | spa d
040 ## - FUENTE DE CATALOGACIÓN
Centro catalogador/agencia de origen CAM
Lengua de catalogación spa
Centro/agencia transcriptor CAM
100 1# - ENTRADA PRINCIPAL--NOMBRE DE PERSONA
Nombre de persona Larra y Wetoret, Luis Mariano de,
Fechas asociadas al nombre 1830-1901
9 (RLIN) 70289
245 13 - MENCIÓN DEL TÍTULO
Título La ínsula Barataria
Resto del título : zarzuela en tres actos y en verso /
Mención de responsabilidad, etc. letra de Luis Mariano de Larra ; música de Emilio Arrieta.
260 ## - PUBLICACIÓN, DISTRIBUCIÓN, ETC.
Lugar de publicación, distribución, etc. Madrid :
Nombre del editor, distribuidor, etc. [s.n.],
Fecha de publicación, distribución, etc. 1864 (
Fabricante Imprenta de José Rodriguez)
300 ## - DESCRIPCIÓN FÍSICA
Extensión 81, [4], 4 p. ;
Dimensiones 20 cm.
500 ## - NOTA GENERAL
Nota general En port.: Estrenada en el teatro del Circo, el 23 de diciembre de 1864.
500 ## - NOTA GENERAL
Nota general Solo la letra.
596 ## - NOTA AL PIE DE IMPRENTA
NOTA AL PIE DE IMPRENTA En verso de port. consta: "... de la galería dramática y lírica titulada El Teatro ..."
700 1# - ENTRADA AGREGADA--NOMBRE PERSONAL
Nombre de persona Arrieta, Emilio,
Fechas asociadas al nombre 1821-1894
9 (RLIN) 224497
852 ## - LOCALIZACIÓN
Ubicación ES-MaACL
Número de control de estantería F-8611(6)
Nota libre -- Enc. pasta española
condición física -- Falto de la cub. original
Nota libre -- Enc. en un vol. facticio formando parte de la col. facticia "Teatro español moderno", vol. 66
Holdings
Estatus retirado Estado de pérdida Estado de daño No para préstamo Colección Biblioteca de origen Biblioteca actual Ubicación en estantería Fecha de adquisición Total de préstamos Signatura topográfica completa Código de barras Visto por última vez Precio de reemplazo Tipo de ítem Koha
        Libros del s. XIX Biblioteca del Ateneo de Madrid Biblioteca del Ateneo de Madrid Sala Pecera Planta 2 17/01/2008   F-8611(6) 1164385 23/02/2023 23/02/2023 Libro impreso antiguo